| 000 | 00478nam a2200181Ia 4500 | ||
|---|---|---|---|
| 008 | 220531s9999 xx 000 0 und d | ||
| 041 | _aeng | ||
| 082 |
_a- _bWOM / BHA |
||
| 100 |
_aBhagvat, Vidyut _976702 |
||
| 245 | _aWomens Studies: Interdisciplinary Themes and Perspectives | ||
| 250 | _a1ST | ||
| 260 |
_aPune _bDiamond _c2012 |
||
| 300 | _a232 | ||
| 542 | _d26-03-2018 | ||
| 650 |
_aWomens Studies _976703 |
||
| 906 |
_d2017-2018 _f12300 |
||
| 999 |
_c42580 _d42580 |
||